QUIZ O KOREII POŁUDNIOWEJ - Statystyki

Ogólne statystyki
  • Ten quiz został rozwiązany 34 razy
  • Średni wynik to 8 z 15
Statystyki odpowiedzi
PODPOWIEDZI ODPOWIEDZI % Poprawnych
Stolica Seul
100%
Jedno państwo graniczące Korea Północna/ Chiny/ Japonia
96%
Najpopularniejsze nazwiska Kim/ Lee/ Park
85%
Najpopularniejszy rodzaj muzyki K-pop/ koreański pop
78%
Nazwa po angielsku South Korea
74%
Morze otaczające kraj Morze Żółte/ Morze Japońskie
70%
Obecna waluta won południowokoreański/ won
59%
Tradycyjne jedzenie kimchi/ kimbap/ japche
56%
Koreańska sztuka walki Taekwondo
41%
Półwysep korei półwysep koreański
33%
Drugie najbardziej zaludnione miasto Pusan
33%
Najważniejsza data w historii 25 czerwca 1950/ czerwiec 1950/ 1950
26%
Najpopularniejszy gatunek filmowy K-dramy/ koreańskie dramaty
15%
Najdłuższa rzeka Naktong-gang
4%
Pierwszy władca Dangun Wanggeom
0%
Nie znaleziono quizów pasujących do podanych kryteriów
Rozkład punktacji
Procent ludzi z każdym wynikiem
Percentyl według liczby udzielonych odpowiedzi
Twoja historia wyników
Nie rozwiązałeś tego quizu